World War II photo intelligence /

Bibliographic Details
Main Author: Stanley, Roy M., II
Format: Book
Language:English
Published: New York : Scribner, [1981]
Subjects:

MARC

Tag First Indicator Second Indicator Subfields
LEADER 00000pam a2200000 a 4500
001 in00000080764
005 20151008054055.0
008 810720s1981 nyua b 00110 eng
010 |a  81009334  
020 |a 0684170167 :  |c $39.50 
035 |a (OCoLC)07671953 
035 |9 AAH9545AM 
039 0 |a 2  |b 3  |c 3  |d 3  |e 3 
040 |a DLC  |c DLC  |d TXA  |d UtOrBLW 
049 |a TXAM  |c [1672248] 
050 0 0 |a D785  |b .S83 
082 0 |a 940.54/41  |2 19 
100 1 |a Stanley, Roy M.,  |c II. 
245 1 0 |a World War II photo intelligence /  |c Roy M. Stanley II. 
264 1 |a New York :  |b Scribner,  |c [1981] 
264 4 |c ©1981 
300 |a x, 374 pages :  |b illustrations ;  |c 29 cm. 
336 |a text  |b txt  |2 rdacontent 
337 |a unmediated  |b n  |2 rdamedia 
338 |a volume  |b nc  |2 rdacarrier 
500 |a Includes index. 
504 |a Bibliography: pages 365-367. 
650 0 |a World War, 1939-1945  |x Reconnaissance operations. 
650 0 |a Aerial reconnaissance  |x History  |y 20th century. 
650 0 |a Photographic interpretation (Military science)  |x History  |y 20th century. 
650 0 |a World War, 1939-1945  |x Photography. 
999 |a MARS 
999 f f |s d2402da3-b98d-3918-81ec-850eb84fd84d  |i b91006ce-d119-3202-a240-5ab11bafb1ea  |t 0 
952 f f |p ric  |a Texas A&M University  |b Rellis Campus  |c Joint Library Facility  |d Remote Storage  |t 0  |e D785 .S83  |h Library of Congress classification  |i unmediated -- volume  |m A14806095408 
998 f f |a D785 .S83  |t 0  |l Remote Storage